=LDR 00000nam 2200000 4500 =001 INLIS000000000809690 =008 ###################################ind## =035 ##$$a 0010-0825000183 =245 ##$$a Mengenal Antartika Dan Arktika / $c Winarti =260 ##$$b Cempaka Putih =020 ##$$a 297994157637 =084 ##$$a 959.8 RTI m =520 ##$$a Indonesia =082 ##$$a 959.8